000 00585pab a2200181 454500
008 180718b2015 xxu||||| |||| 00| 0 eng d
100 _aDick-Sagon, Christopher
245 _aDoes monetary incentives really matter in motivating employees ? Opinions from the employees of the Ghana Rubber Estate Limited
260 _c2015
300 _ap.84-87.
362 _aJul-Dec
650 _aGhana Rubber Estate Limited
650 _aEmployees
650 _aMotivation
700 _aAhyiah, William Sakyi
773 _aSouth Asian Journal of Socio-Political Studies
909 _a110527
999 _c110522
_d110522